|
|
|
|
| LEADER |
00000nam2a2200000 4500 |
| 001 |
290118 |
| 005 |
20231102000243.0 |
| 035 |
|
|
|a (RuTPU)RU\TPU\book\314648
|
| 090 |
|
|
|a 290118
|
| 100 |
|
|
|a 20150403d1969 k y0rusy50 ca
|
| 101 |
0 |
|
|a rus
|
| 102 |
|
|
|a RU
|
| 105 |
|
|
|a a gi 001zy
|
| 200 |
0 |
|
|a Т. 3 : Горное делою Полезные ископаемые. Нефтяные продукты. Металлы и металлические изделия
|
| 210 |
|
|
|d 1969
|
| 215 |
|
|
|a 447 с.
|c ил.
|
| 320 |
|
|
|a Указатели: с. 365-411
|
| 461 |
|
1 |
|0 (RuTPU)RU\TPU\book\248747
|t Научно-техническая терминология
|o сборник стандартизованных и рекомендуемых терминов
|o в 10 т.
|f Всесоюзный научно-исследовательский институт технической информации, классификации и кодирования (ВНИИКИ) ; под ред. Л. Ю. Белахова, И. Н. Попова-Черкасова
|v Т. 3 : Горное делою Полезные ископаемые. Нефтяные продукты. Металлы и металлические изделия
|d 1969-1971
|
| 606 |
1 |
|
|a Терминология техническая
|2 stltpush
|3 (RuTPU)RU\TPU\subj\59848
|9 77344
|
| 610 |
1 |
|
|a полезные ископаемые
|
| 610 |
1 |
|
|a горное дело
|
| 610 |
1 |
|
|a нефтяные продукты
|
| 610 |
1 |
|
|a металлы
|
| 610 |
1 |
|
|a металлические изделия
|
| 610 |
1 |
|
|a обработка давлением
|
| 610 |
1 |
|
|a справочники
|
| 610 |
1 |
|
|a стандартизованные термины
|
| 675 |
|
|
|a 62:001.4
|v 3
|
| 801 |
|
1 |
|a RU
|b 63413507
|c 20150403
|
| 801 |
|
2 |
|a RU
|b 63413507
|c 20230124
|g RCR
|
| 942 |
|
|
|c BK
|